| 000 | 00811nam a22001697a 4500 | ||
|---|---|---|---|
| 008 | 110728s1989 le||||| |||| 00| e ara d | ||
| 082 |
_222 _a814 _bك ا ل |
||
| 100 |
_926473 _aكالوس ، ظافر فيكتور |
||
| 245 |
_aكرات من ثلج / _cظافر فيكتور كالوس |
||
| 260 |
_a[د.م] : _b[د.ن]، [1989?] _c[1989?] |
||
| 300 |
_a369 ص ؛ _c24 سم |
||
| 650 |
_916467 _aالمقالات العربية |
||
| 653 | _bAra | ||
| 942 |
_2ddc _cBB |
||
| 999 |
_c15754 _d15754 |
||